00650 2200181 4500001002100000005001700021008004100038035002500079040001200104082001700116084002700133100005100160245013000211260005200341300002400393650003900417850001200456INLIS00000000001555020151104133858.0  a0010-111500000000163 aYOPDYOG a328.95982271 aDEP 328.95982271 Yog P aYOGYAKARTA. Dewan Perwakilan Rakyat Daerah DIY aProduk Dewan Perwakilan Rakyat Daerah Provinsi DIY tahun 2012 ; Himpunan Keputusan DPRD Daerah Provinsi DIY Caturwulan ke III aYogyakartabSekretariat DPRD Provinsi DIYc2012 avi, 65 hlm.c; 21cm aDewan Perwakilan Rakyat Daerah DIY aYOPDYOG